The science of teaching swimming /

Bibliographic Details
Main Author: Palmer, Mervyn L.
Format: Book
Language:English
Published: London : Pelham, 1979.
Subjects:

MARC

Tag First Indicator Second Indicator Subfields
LEADER 00000cam a2200000 a 4500
001 in00000075690
005 20151008053702.0
008 810119s1979 enka 00110 eng d
020 |a 0720711177 
035 |a (OCoLC)07070202 
035 |9 AAH8287AM 
040 |a WTU  |c WTU  |d TXA  |d UtOrBLW 
049 |a TXAM  |c [1481709] 
090 |a GV837  |b .P3 
100 1 |a Palmer, Mervyn L. 
245 1 4 |a The science of teaching swimming /  |c Mervyn L. Palmer ; illustrations by the author. 
264 1 |a London :  |b Pelham,  |c 1979. 
300 |a 525 pages :  |b illustrations ;  |c 23 cm. 
336 |a text  |b txt  |2 rdacontent 
337 |a unmediated  |b n  |2 rdamedia 
338 |a volume  |b nc  |2 rdacarrier 
500 |a Includes index. 
650 0 |a Swimming  |x Study and teaching. 
999 |a MARS 
999 f f |s 915d565a-f917-3db7-83ca-5c78dabec313  |i 2516cd30-665d-3250-a65f-48fb0eb40368  |t 0 
952 f f |p normal  |a Texas A&M University  |b College Station  |c Sterling C. Evans Library  |d Evans: Library Stacks  |t 0  |e GV837 .P3  |h Library of Congress classification  |i unmediated -- volume  |m A14806116490 
998 f f |a GV837 .P3  |t 0  |l Evans: Library Stacks